000 00793nam a2200229 i 4500
001 113511
003 ES-MaACL
005 20230906185924.0
007 t|
008 061121s1962 sp r ||||1| cat d
100 1 _aNocent, Adrien.
_985811
245 1 3 _aEl futur de la liturgia /
_cAdrien Nocent ; traducción de Jordi Planes Casals amb la colaboració de Josep Ruaix Vinyet.
260 _aBarcelona :
_bEstela,
_c1962 (
_fGráf. Universidad)
300 _a207 p. ;
_c18 cm.
490 1 _aCol·lecció "Concili Vaticá II" ;
_v4
650 0 4 _aLiturgia.
_914683
700 1 _aRuaix i Vinyet, Josep.
_9100264
700 1 _aPlanes Casals, Jordi.
_992558
830 0 _aCol·lecció "Concili Vaticá II" ;
_v4
_9233196
852 _aES-MaACL
_jC-25121
_bR.51336
999 _c113511
_d113511